000 01009cam a2200289 a 4500
999 _c4761
_d4761
003 UkOxU
005 20220329081423.0
008 930607s1993 enk 000 0 eng d
020 _a0838596355
020 _a0838596398 (studyguide)
040 _cALUPE UNIVERSITY
050 _aRG524
_b.W7 1993
092 _aD0501113430
245 0 0 _aWilliams Obstetrics
250 _a19th ed. /
_bF. Gary Cunningham ... [et al.]
260 _aLondon :
_bPrentice-Hall International,
_cc1993
300 _ax, 1428 p. :
_bill. ;
_c29 cm
500 _aCompanion volume: Study guide for Williams Obstetrics : 19th edition / Larry C. Gilstrap III ... [et al.]
504 _aIncludes bibliographic references
650 0 _aObstetrics
700 1 _aCunningham, F. Gary.
700 1 _aWilliams, J. Whitridge
_q(John Whitridge),
_d1866-1931.
700 1 _aGilstrap, Larry C.,
_cIII.
942 _2lcc
_cBK